| 000 | 02089 a2200289 4500 | ||
|---|---|---|---|
| 005 | 20260316071649.0 | ||
| 020 | _a 9780730315476 | ||
| 050 |
_aHF5718 _bEUN 2016 |
||
| 100 |
_aEunson, Baden _eauthor |
||
| 245 |
_aCommunicating in the 21st century / _cBaden Eunson |
||
| 250 | _aFourth edition | ||
| 264 |
_aMilton, Australia : _bJohn Wiley and Sons, _c2016 |
||
| 300 |
_axxvi,662 pages ; _billustrations |
||
| 336 |
_2rdacontent _atext _btxt |
||
| 337 |
_2rdamedia _aunmediated _bn |
||
| 338 |
_2rdacarrier _avolume _bnc |
||
| 504 | _aIncludes bibliographical references and index | ||
| 505 | _a. | ||
| 520 | _aCommunicating in the 21st Century (C21), 4th edition, is the most comprehensive, resource package developed in the field of communication in Australia. Significantly, it is an original work, not an adaptation of a US or UK text. The author, Baden Eunson, draws on decades of experience in education and industry, building on the success of the previous editions of this text to deliver a total learning package. Excellent interpersonal and communication skills are increasingly in demand by employers in all industries. By studying the content of C21 in professional communication subjects/units/modules, and being given course credit for their studies. This fourth edition contains comprehensive, up-to-date and highly referenced coverage of communication theory continuing to be balanced with extensive practical skill activities. The resource is written in a user friendly, accessible style and is enhanced by informative illustrations. Each chapter is a tightly structured learning unit based on specific objectives, and includes self-assessment tasks, ethical dilemma case studies, review questions and applied exercises."--Jacket | ||
| 650 | _aBusiness communication | ||
| 650 |
_a Business communication _xAustralia |
||
| 650 | _a Communication Research | ||
| 650 |
_aCommunication Research _xAustralia |
||
| 650 |
_aCommunication _xSocial aspects |
||
| 650 |
_aCommunication--Social aspects _xAustralia |
||
| 942 |
_2lcc _cBK _eFourth edition _h5718 _iEUN _kHF |
||
| 999 |
_c11705 _d11705 |
||